Rising transfers (Record no. 65304)
[ view plain ]
| 000 -LEADER | |
|---|---|
| fixed length control field | 01233cam a2200241 4500 |
| 001 - CONTROL NUMBER | |
| control field | ABS63166 |
| 008 - FIXED-LENGTH DATA ELEMENTS--GENERAL INFORMATION | |
| fixed length control field | 000000n2000 000 0 eng u |
| 035 ## - SYSTEM CONTROL NUMBER | |
| System control number | (Sirsi) u109393 |
| 100 ## - MAIN ENTRY--PERSONAL NAME | |
| Personal name | Perry, J. |
| 245 ## - TITLE STATEMENT | |
| Title | Rising transfers |
| 260 ## - PUBLICATION, DISTRIBUTION, ETC. | |
| Date of publication, distribution, etc. | 2000 |
| 490 ## - SERIES STATEMENT | |
| Series statement | Local Government Chronicle |
| Volume/sequential designation | 3 November 2000, 14(1) |
| 520 ## - SUMMARY, ETC. | |
| Summary, etc. | Discusses the housing role of councils in the light of DETR plans for social housing stock transfers. Argues that confusion resides among local government, with differing opinions on whether councils should give up their housing management role. Presents the situation in Scotland where councils have readily adopted a strategic role, and accept that stock transfer is necessary to counter repair backlogs. Discusses the impact of the housing green paper and spending review on council housing, and suggests that housing associations or local companies are likely to take over ownership, leaving councils free to re-evaluate their role. |
| 590 ## - LOCAL NOTE (RLIN) | |
| Local note | ABS |
| 650 ## - SUBJECT ADDED ENTRY--TOPICAL TERM | |
| Topical term or geographic name entry element | COUNCIL HOUSING |
| 650 ## - SUBJECT ADDED ENTRY--TOPICAL TERM | |
| Topical term or geographic name entry element | STOCK TRANSFER |
| 650 ## - SUBJECT ADDED ENTRY--TOPICAL TERM | |
| Topical term or geographic name entry element | SCOTLAND |
| 650 ## - SUBJECT ADDED ENTRY--TOPICAL TERM | |
| Topical term or geographic name entry element | HOUSING GREEN PAPER |
| 650 ## - SUBJECT ADDED ENTRY--TOPICAL TERM | |
| Topical term or geographic name entry element | LOCAL AUTHORITIES |
| 650 ## - SUBJECT ADDED ENTRY--TOPICAL TERM | |
| Topical term or geographic name entry element | SOCIAL HOUSING |
| 690 ## - LOCAL SUBJECT ADDED ENTRY--TOPICAL TERM (OCLC, RLIN) | |
| Topical term or geographic name as entry element | Affordable housing |
| 9 (RLIN) | 6215 |
| 942 ## - ADDED ENTRY ELEMENTS (KOHA) | |
| Suppress in OPAC | 0 |
| Withdrawn status | Lost status | Source of classification or shelving scheme | Damaged status | Not for loan | Home library | Current library | Shelving location | Date acquired | Total Checkouts | Full call number | Barcode | Date last seen | Copy number | Price effective from | Koha item type |
|---|---|---|---|---|---|---|---|---|---|---|---|---|---|---|---|
| Dewey Decimal Classification | London | London | Journal article | 17/11/2000 | ABS63166 | 109393-1001 | 06/08/2019 | 1 | 06/08/2019 | Journal article |